00479nam a2200169Ia 450000500170000000800410001702000150005808200130007310000190008624500190010526000270012430000130015150000250016494200060018995200990019599900150029420250325065433.0240331s9999 xx 000 0 und d a9344080021 bSHUa894 aShuinmughom, A 0aAyvumuraiyiyal aThanjavurbAnnamc2005 a199 p ., aResearch methodology cL 001040708LaWERCLbWERCLcSSCd2024-03-31l0o 894.811 SHUp5928r2024-03-31w2024-03-31yL c3883d3883